Русский футуризм и Давид Бурлюк, "Отец русского футуризма" (Запис номер 209255)
[ съкратено ]
| 000 -Лидер | |
|---|---|
| Контролно поле с фиксирана дължина | 01563nkm a2200385 c 4500 |
| 003 - Код на организацията, давaща контролен номер | |
| Контролно поле | BLK |
| 005 - Дата и час на последна редакция | |
| Контролно поле | 20180421001936.0 |
| 008 - Елементи от данни с фиксирана дължина | |
| fixed length control field | 180412b bul rap|r|||| r0| ||bulo| |
| 010 ## - Наследен системен номер | |
| LC control number | KNG00102960000 |
| 020 ## - Международен стандартен номер на книга ISBN | |
| Международен стандартен номер на книга ISBN | 5-93332-25-0 |
| -- | издат.: Гос. Рус. музей |
| 040 ## - Източник на каталожния запис | |
| Идентификатор на билиотеката - собственик на записа | BLK |
| 041 ## - Код за език | |
| Код за езика на текст/звукозапис или на отделно заглавие | Руски |
| Код за езика КДБФ | Руски |
| 080 ## - УДК | |
| Текстов определител УДК | Изобразителни изкуства и художествени занаяти |
| УДК код - определител по УДК | 73/76 |
| УДК определител | .037(470)(092)(084) |
| УДК - код + определител | 73/76.037(470)(092)(084) |
| 139 ## - Редно поле | |
| Редна дума | Русский футуризм и Давид Бурлюк, "Отец русского футуризма" |
| Авторски знак | Русен - Р 95 |
| 245 10 - Сведения за заглавието | |
| Заглавие | Русский футуризм и Давид Бурлюк, "Отец русского футуризма" |
| 257 ## - Страна на издаване | |
| Страна на създаване/издаване | Русия |
| 260 ## - Област на издателските данни | |
| -- | С.-Петербург |
| Име на издателя, разпространителя и проч. | Гос. Рус. музей |
| Година на издаване | 2000 |
| Печатница | Италия : Graficart-Formia |
| 300 ## - Физическа характеристика | |
| Страници | 240 с. |
| Илюстрации и др. | с ил. |
| Размери/Мащаб | 33 см |
| 380 ## - Жанр | |
| Жанр | Изкуство |
| 500 ## - Общи забележки | |
| Забележка | Офс. изд. |
| 650 #4 - Допълнително описание по предмет – тема | |
| Основно описание – тема или топоним | Изобразително изкуство - стилове и направления |
| 9 (RLIN) | 278359 |
| 650 #4 - Допълнително описание по предмет – тема | |
| Основно описание – тема или топоним | Изобразително изкуство - СССР |
| 9 (RLIN) | 313891 |
| 650 #4 - Допълнително описание по предмет – тема | |
| Основно описание – тема или топоним | Изобразително изкуство, съветско |
| 9 (RLIN) | 313892 |
| 651 #4 - Допълнително описание по предмет - топоним | |
| Географско понятие | СССР |
| 9 (RLIN) | 179592 |
| 653 ## - Ключова дума – ненормативна | |
| Ключова дума | изобразително изкуство |
| 653 ## - Ключова дума – ненормативна | |
| Ключова дума | биографии |
| 653 ## - Ключова дума – ненормативна | |
| Ключова дума | футуризъм |
| 653 ## - Ключова дума – ненормативна | |
| Ключова дума | ХХ в. |
| 653 ## - Ключова дума – ненормативна | |
| Ключова дума | СССР |
| 852 ## - Местоположение | |
| Форматна сигнатура | Цб Гр А ІІ 4165 |
| 856 4# - Електронен адрес и достъп | |
| Електронен формат | pdf - файл |
| Път до файла /url/ | |
| 856 4# - Електронен адрес и достъп | |
| Електронен формат | pdf - файл |
| Път до файла /url/ | |
| 942 ## - АРТИКУЛИ | |
| Вид на библиотечния материал | Графични издания |
| Скрит в OPAC | Не |
| 944 ## - СЪЗДАВАНЕ И РЕДАКЦИЯ на ЗАПИСА | |
| Създаване/Редакция | Създаване |
| Дата на регистрацията/редакция | 01.01.2000 |
| Служител, извършил регистрацията/редакцията | Ирена_Линкова |
| 944 ## - СЪЗДАВАНЕ И РЕДАКЦИЯ на ЗАПИСА | |
| Създаване/Редакция | Редакция |
| Дата на регистрацията/редакция | 31.05.2012 |
| Служител, извършил регистрацията/редакцията | |
| 999 ## - СИСТЕМНИ КОНТРОЛНИ НОМЕРА | |
| Koha biblionumber | 209255 |
| Koha biblioitemnumber | 209255 |
| Код за отписване | Код за изгубен артикул | Източник на класификационната схема | Код за повреда | Коз за рестрикции | Код за отдаване | Артикулен № | Име на библиотеката - собственик | Име на библиотеката, в която се намира в момента | Статус (Текущо местоположение) | Дата на вписване в системата | Местоположение - отдел | Цена в лева | Инвентарен номер | Систематично азбучна сигнатура | Баркод | Номер на екземпляра | Цена в евро | Служебна бележка | Служебен тип на артикула |
|---|---|---|---|---|---|---|---|---|---|---|---|---|---|---|---|---|---|---|---|
| Не е изгубен | Universal Decimal Classification | Не е повреден | без рестрикции | заемане за дома | 360509 | Регионална библиотека "Любен Каравелов" Русе | Регионална библиотека "Любен Каравелов" Русе | Отдел Изкуство - подръчен фонд | 2002-09-05 | Отдел Изкуство - подръчен фонд | 53.00 | 120000671922 | 73/76/Р 95 | 120000671922 | 1 | 27.10 | Дост: DA Вид: А N: 31 Дата: 02.09.2002 Дата инв: 03.06.2015 Бележки инв: ГрИ2015 | Графични издания |